00379nam a2200169Ia 4500008004100000041001200041082001000053082001100063100001500074100001500089100001100104245003800115260001000153260001600163260000900179650002100188150909s9999 xx 000 0 und d aEnglish a581.1 bSES/PH aCatsky T  aSestak Z  eEditor aPhotosynethesis bibliography V.10 aHague bDr. W .Junk c1982 aPlant physiology